00762cam a22002291 450000100060000000300080000600500170001400800390003103500190007003500180008904000270010704100080013408200200014224501070016226000490026930000250031849000470034350400570039050400200044765000390046770000260050636051BD-RjUL20211209052427.0140615s1967 cau b 001 0 eng a(BD-RjUL)36148 a(OCoLC)254983 aDLCcOCUdBD-RjULbeng aeng a322.5bGAR 196710aGarrisons and government :bpolitics and the military in new states /cedited by Wilson C. McWilliams. aSan Francisco :bChandler Pub. Co. ;cc1967. aix, 340 p. ;c21 cm.0 aChandler publications in political science aBibliography: p. 329-330. Bibliographical footnotes. aIncludes index. 0aCivil supremacy over the military.1 aMcWilliams, Wilson C.